La pratique du tracteur : du motoculteur au tracteur de 60CV (Record no. 11510)

MARC details
000 -LEADER
fixed length control field 00533 a2200229 4500
035 ## - SYSTEM CONTROL NUMBER
System control number 6052
035 ## - SYSTEM CONTROL NUMBER
System control number 6053
035 ## - SYSTEM CONTROL NUMBER
System control number 6055
035 ## - SYSTEM CONTROL NUMBER
System control number 6056
100 ## - VEDETTE PRINCIPALE - NOM DE PERSONNE
Personal name GUERBER, R.
130 ## - VEDETTE PRINCIPALE - TITRE UNIFORME
Language of a work Fr.
260 ## - PUBLICATION, DISTRIBUTION, ETC. (IMPRINT)
Place of publication, distribution, etc Paris
260 ## - PUBLICATION, DISTRIBUTION, ETC. (IMPRINT)
Name of publisher, distributor, etc Technique et Vulgarisation
245 ## - TITLE STATEMENT
Title La pratique du tracteur : du motoculteur au tracteur de 60CV
260 ## - PUBLICATION, DISTRIBUTION, ETC. (IMPRINT)
Date of publication, distribution, etc 1965
300 ## - PHYSICAL DESCRIPTION
Extent VIII, 276 p.
300 ## - PHYSICAL DESCRIPTION
Other physical details ill., fig. ; 21 cm
650 ## - SUBJECT ADDED ENTRY--TOPICAL TERM
Topical term or geographic name as entry element <Tracteur><Machines agricoles>
Holdings
Withdrawn status Lost status Damaged status Not for loan Location (home branch) Sublocation or collection (holding branch) Date acquired Source of acquisition Koha issues (times borrowed) Koha full call number Piece designation (barcode) Koha date last seen Copy number Koha item type
        Bibliothèque Ecole Polytechnique d'Abomey-Calavi Bibliothèque Ecole Polytechnique d'Abomey-Calavi 27/02/2009 e   631.372/G949p 20943EPAC 27/02/2009 1 Livre


© 2008, Bibliothèques de l'Université d'Abomey-Calavi

04 BP 789 Cotonou, Tél. : +229 21 36 01 01, Fax : +229 21 35 06 32

Courriel : bu@bu.uac.bj